Fr. Conceicao Rodrigues College of Engineering

Instrumentation Devices and systems (Record no. 30945)

MARC details
000 -LEADER
fixed length control field 00318nam a2200133Ia 4500
082 ## - DEWEY DECIMAL CLASSIFICATION NUMBER
Classification number 620.0028/RAN
Item number RAN
100 ## - MAIN ENTRY--PERSONAL NAME
Personal name Rangan/C.S
245 ## - TITLE STATEMENT
Title Instrumentation Devices and systems
260 ## - PUBLICATION, DISTRIBUTION, ETC.
Name of publisher, distributor, etc. Tata Mc Graw hill Ltd.
Place of publication, distribution, etc. New Delhi
Date of publication, distribution, etc. 1983
546 ## - LANGUAGE NOTE
Language note ENGLISH
650 ## - SUBJECT ADDED ENTRY--TOPICAL TERM
Topical term or geographic name entry element INSTRUMENTATION
942 ## - ADDED ENTRY ELEMENTS (KOHA)
Koha item type BOOK
Holdings
Withdrawn status Lost status Damaged status Not for loan Collection Home library Current library Date acquired Total Checkouts Full call number Barcode Date last seen Price effective from Koha item type
        CRC Fr. Agnel's C.Rodrigues College of Engineering Fr. Agnel's C.Rodrigues College of Engineering 17/03/2023   620.0028/RAN RAN 18288 17/03/2023   BOOK